Guess the Billie Eilish's song by the lyrics! 5 - Statistics

General Stats
  • This quiz has been taken 1,852 times
  • The average score is 140 of 275
Answer Stats
Answer % Correct
I
99%
you
95%
The
83%
the
83%
when
82%
me
79%
love
77%
to
73%
don't
71%
I'm
64%
i'm
64%
and
61%
it
61%
want
61%
what
61%
where
60%
then
58%
you're
57%
so
55%
not
53%
for
49%
that
48%
but
47%
were
47%
say
46%
can't
44%
see
43%
just
42%
all
40%
of
39%
need
35%
need?
35%
think
34%
any
33%
never
32%
free
30%
every
29%
more
29%
leave
27%
out
27%
bored
26%
bored?
26%
stay
25%
about
24%
alone
24%
you'd
24%
anymore
23%
live
23%
door
22%
set
22%
giving
21%
without
21%
afraid
20%
run
20%
walk
20%
forget
19%
Forget
19%
makes
19%
sure
19%
begging
18%
fun
18%
games
18%
getting
18%
piece
18%
played
18%
home
17%
teaching
16%
afford
14%
torn
14%
hope
13%
fair
12%
God
12%
knows
12%
shit's
12%
scores
11%
settled
11%
No matching quizzes found
Score Distribution
Percent of People with Each Score
Percentile by Number Answered
Your Score History
You have not taken this quiz